Science Quiz

Random Science or Animal Quiz

Animal-Ology Quiz Stats

 Plays Quiz Updated Aug 26, 2017

Support Sporcle.
Go Orange.
Score 0/20 Timer 05:00
2 Plays Today
% Correct
Mammalogy
86.7%
Arachnology
85.9%
Zoology
85.4%
Conservation Biology
82.9%
Primatology
80.4%
Ornithology
74.6%
Paleozoology
72.5%
Entomology
67.3%
Apiology
67.1%
Ichthyology
65.8%
% Correct
Anthrozoology
65.8%
Conchology
62.7%
Zooarchaeology
61.5%
Herpetology
57.1%
Lepidopterology
51.8%
Cetology
47.1%
Nematology
44.2%
Coleopterology
35.9%
Ethology
35.3%
Helminthology
29.5%

You're not logged in!

Compare scores with friends on all Sporcle quizzes.
OR
Log In

From the Vault

Populous US Metro Areas (1910)

by Dralcoffin

The cars of 1910 are in museums now. Does that mean that there will be a bunch of Toyota Priuses in the museums of the future?
Remove Ads.
Support Sporcle.
Get the best of Sporcle when you Go Orange. This ad-free experience offers more features, more stats, and more fun while also helping to support Sporcle. Thank you for becoming a member.

Show Comments

Extras

Top Quizzes Today


Score Distribution

Your Account Isn't Verified!

In order to create a playlist on Sporcle, you need to verify the email address you used during registration. Go to your Sporcle Settings to finish the process.

Report this User

Report this user for behavior that violates our Community Guidelines.

Details: